书目信息 |
| 题名: |
共享利益论
|
|
| 作者: | 洪远朋 著 | |
| 分册: | ||
| 出版信息: | 上海 上海人民出版社 2001.01 |
|
| 页数: | 431页 | |
| 开本: | 20cm | |
| 丛书名: | ||
| 单 册: | ||
| 中图分类: | F276.6 | |
| 科图分类: | ||
| 主题词: | 国有企业--股份经济:合作经济--研究--中国 | |
| 电子资源: | ||
| ISBN: | 7-208-03780-9 | |
| 000 | 00709nam0 2200205 45 | |
| 001 | 0301161528 | |
| 005 | 20031219104103.6 | |
| 010 | @a7-208-03780-9@dCNY22.00 | |
| 100 | @a20030116d2001 km y0chiy0120 ea | |
| 101 | 0 | @achi |
| 105 | @a z 000yy | |
| 200 | 1 | @a共享利益论@AGong Xiang Li Yi Lun@e股份合作制利益关系研究@EGu Fen He Zuo Zhi Li Yi Guan Xi Yan Jiu@f洪远朋等著@FHong Yuan Peng Deng Zhu |
| 210 | @a上海@c上海人民出版社@d2001.01 | |
| 215 | @a431页@d20cm | |
| 517 | @a股份合作制利益关系研究@AGu Fen He Zuo Zhi Li Yi Guan Xi Yan Jiu | |
| 606 | 0 | @a国有企业@x股份经济:合作经济@x研究@y中国 |
| 690 | @aF276.6@v4 | |
| 701 | @a洪远朋@4著 | |
| 801 | @aCN@bTSTC@c20030116 | |
| 905 | @b319470@dF276.6@e116@f1 | |
| 共享利益论:股份合作制利益关系研究/洪远朋等著.-上海:上海人民出版社,2001.01 |
| 431页;20cm |
| ISBN 7-208-03780-9:CNY22.00 |
| ● |
| 相关链接 |
|
|
|
|
正题名:共享利益论
索取号:F276.6/116
 
预约/预借
| 序号 | 登录号 | 条形码 | 馆藏地/架位号 | 状态 | 备注 |
| 1 | 0319470 | 203194701 | 第一借阅区/ [索取号:F276.6/116] | 在馆 |